|
|
|
|
| LEADER |
00000nam0a2200000 4500 |
| 001 |
117646 |
| 005 |
20231101215421.0 |
| 010 |
|
|
|a 7020051324
|
| 035 |
|
|
|a (RuTPU)RU\TPU\book\127345
|
| 090 |
|
|
|a 117646
|
| 100 |
|
|
|a 20070605d2005 m y0chiy50 ea
|
| 101 |
0 |
|
|a chi
|
| 102 |
|
|
|a CN
|
| 105 |
|
|
|a y z 000zy
|
| 200 |
1 |
|
|a Современная китайская беллетристика
|h Т. 1
|f Ян И
|
| 210 |
|
|
|a Пекин
|c Народная литература
|d 2005
|
| 215 |
|
|
|a 654 с.
|
| 225 |
1 |
|
|a Библиотека Китая
|
| 300 |
|
|
|a Книга на китайском языке.
|
| 606 |
1 |
|
|a Китайская литература
|2 stltpush
|3 (RuTPU)RU\TPU\subj\14444
|9 40827
|
| 610 |
1 |
|
|a философия
|
| 610 |
1 |
|
|a история
|
| 610 |
1 |
|
|a Китай
|
| 610 |
1 |
|
|a общественная мысль
|
| 610 |
1 |
|
|a публицистика
|
| 610 |
1 |
|
|a беллетристика
|
| 610 |
1 |
|
|a 20 век
|
| 686 |
|
|
|a Ю3(5Кит)6
|v LBC/SL-A
|2 rubbk
|
| 700 |
|
0 |
|a Ян И
|
| 801 |
|
1 |
|a RU
|b 63413507
|c 20070605
|g PSBO
|
| 801 |
|
2 |
|a RU
|b 63413507
|c 20220530
|g PSBO
|
| 942 |
|
|
|c BK
|